00326nam a2200121Ia 4500008004100000041000800041082001900049100001500068245002900083260005000112300003100162365001100193240624s9999 xx 000 0 und d aeng a658.312404 MUR aMURTHY S K aTRAINING FOR DEVELOPMENT c2011aNew DelhibAnmol Publications Pvt. Ltd. avii, : 312 : p. : cm. ; 22 cRSb20